000
002270000a22000970004500
100
1
_a
Wenk, Matthias
245
1
0
_a
The fullness of the spirit
300
_a
Vol. 21, Núm 2 2003), Páginas 40-44
773
0
_t
Evangel
942
_c
ANA
999
_c
54356
_d
54356